Impacto de la ubicación de las plantas de generación eléctrica con gas natural licuado en el Sistema Eléctrico Nacional
Saved in:
| Main Author: | |
|---|---|
| Other Authors: | |
| Format: | Book |
| Language: | Spanish |
| Published: |
[San José], Costa Rica
2020
|
| Subjects: | |
| Online Access: | https://cedi.ucr.ac.cr/electrica/impacto-de-la-ubicacion-de-las-plantas-de-generacion-electrica-con-gas-natural-licuado-en-el-sistema-electrico-nacional/ |
| Tags: |
Add Tag
No Tags, Be the first to tag this record!
|
MARC
| LEADER | 00000nam a2200000Ia 4500 | ||
|---|---|---|---|
| 003 | 013288 | ||
| 005 | 20231120111430.0 | ||
| 008 | 140114s2020 cr a 000 ||spa d | ||
| 040 | |c cru CEDI | ||
| 100 | |a Ramírez Alvarado, Bryan Gerardo, 1992- |9 324 | ||
| 245 | |a Impacto de la ubicación de las plantas de generación eléctrica con gas natural licuado en el Sistema Eléctrico Nacional | ||
| 260 | |a [San José], Costa Rica |c 2020 | ||
| 500 | |a Proyecto de graduación (licenciatura en ingeniería eléctrica)--Universidad de Costa Rica. Facultad de Ingeniería. Escuela de Ingeniería Eléctrica, | ||
| 501 | |a Director de Proyecto de Graduación: Dr. Ing. Jorge Blanco Roldán | ||
| 650 | |x ENERGIA ELECTRICA - ADMINISTRACION |x DEMANDA DE ENERGIA ELECTRICA |x CENTRALES ELECTRICAS - ASPECTOS AMBIENTALES |x GAS NATURAL LICUADO |x REDES ELECTRICAS |x CENTRALES ELECTRICAS |x GENERACION DE ENERGIA | ||
| 700 | |9 323 |a Blanco Roldán, Jorge, 1950- |d Director del TFG | ||
| 856 | |u https://cedi.ucr.ac.cr/electrica/impacto-de-la-ubicacion-de-las-plantas-de-generacion-electrica-con-gas-natural-licuado-en-el-sistema-electrico-nacional/ |y https://cedi.ucr.ac.cr/electrica/impacto-de-la-ubicacion-de-las-plantas-de-generacion-electrica-con-gas-natural-licuado-en-el-sistema-electrico-nacional/ | ||
| 942 | |c TFG |h TFG 8439 |i 013288 |6 TFG_8439_013288000000000 | ||
| 999 | |c 12897 |d 12897 | ||
